| 000 | 00476nam a22001817a 4500 | ||
|---|---|---|---|
| 999 |
_c12268 _d12268 |
||
| 008 | 221018b 1994 ||||| |||| 00| 0 eng d | ||
| 020 | _a817233074x | ||
| 082 |
_a883.7.14 _bSVK |
||
| 100 | _aSharma v. k. | ||
| 245 | _aAtmospheric pollution by aerosols | ||
| 250 | _a1st ed. | ||
| 260 |
_aJodhpur _bScientific publishers _c1994 |
||
| 300 | _axii, 158p. | ||
| 650 | _aIntroduction | ||
| 650 | _aMonitoring parameters | ||
| 650 | _aAir quality modelling | ||
| 942 | _cGB | ||